| 000 | 00527nam a22001817a 4500 | ||
|---|---|---|---|
| 003 | OSt | ||
| 005 | 20220107122822.0 | ||
| 008 | 161020b xxu||||| |||| 00| 0 eng d | ||
| 040 | _cIIITMK | ||
| 100 |
_aSerin Sathar (93614029) _910923 |
||
| 245 |
_aPhishing website detection using neural network _cSerin Sathar |
||
| 300 | _aCSIS - Major Project | ||
| 502 |
_bCSIS _c2014-16 _dINT _eDr. Tony Thomas |
||
| 650 |
_aCOMPUITER SCIENCE _910924 |
||
| 650 |
_aNEURAL NETWORKS _910925 |
||
| 650 |
_aPHISHING _910926 |
||
| 942 |
_2ddc _cPR |
||
| 999 |
_c5436 _d5436 |
||